000 00623nam a2200229Ia 4500
003 OSt
005 20220926043425.0
006 a|||||r|||| 00| 0
007 ta
008 220923b |||||||| |||| 00| 0 eng d
037 _cGeneral Book
040 _aRTL
_cRTL
_beng
041 _2eng
_aeng
082 _aY2:3217, K5
100 _aRodman Hyman Ed.
_9347723
245 0 _aMarriage, family and society
_b A reader
260 _c1965
490 _aStudies in Sociology.26
650 _aMarriage and Kinship
_9230715
942 _hY2:3217, K5
_cGB
_2CC
999 _c672305
_d672305